| 000 | 01572nam a2200349 a 4500 | ||
|---|---|---|---|
| 999 |
_c19758 _d19758 |
||
| 003 | BLK | ||
| 005 | 20250502174115.0 | ||
| 008 | 180413b bul|||||r ||||||| ||bul|| | ||
| 010 | _aKNG00021911000 | ||
| 040 | _aBLK | ||
| 041 |
_aBUL _cBUL |
||
| 080 |
_aДруги животни, отглеждани от човека - морско свинче, питомен заек, животни с ценни кожи, слон, змии и др. (не включени в 636.1/.8). Вж и 639.2/.5 _b636.9 _x(035) _z636.9(035) |
||
| 100 | 1 |
_aВернер, Ото _eпърви автор _9264065 |
|
| 139 |
_aВернер, Ото _bВ 50 |
||
| 245 | 1 | 0 |
_aТерариумни животни _cОто Вернер ; прев. от нем. Радка Андреева. |
| 257 | _aDEU | ||
| 260 |
_bЕмас _c1998 _f(София : Балкан прес) _aСофия : |
||
| 300 |
_a95 с. _bс ил., сх., 4 л. цв. ил. _c20 см |
||
| 380 | _a63 | ||
| 490 |
_aДомашни любимци _9203679 |
||
| 500 | _aОриг. загл. Unser erstes terrarium / Otto Werner ; 1 000 тир. | ||
| 650 | 4 |
_aТерариуми _9173527 |
|
| 650 | 4 |
_aЖивотни, домашни - отглеждане _9264067 |
|
| 653 | _aживотни | ||
| 700 | 1 |
_aАндреева, Радка _eпрев. от нем. _9264066 |
|
| 852 |
_aЦб 196674 _bЦб |
||
| 942 |
_cKNG _n0 _04 _s1 |
||
| 944 |
_aCR _c15.01.2003 _k30551 _lБояна Костадинова |
||
| 944 |
_aED _c21.10.2008 |
||
| 944 |
_aED _c2023-02-22 _kРенета Константинова |
||
| 999 | _d19758 | ||